[Event "Niedersachsen-ch Seniors op 14th"]
[Site "Bad Bevensen"]
[Date "2011.07.11"]
[Round "7"]
[White "Buss, Richard"]
[Black "Voigt, Udo"]
[Result "0-1"]
[WhiteElo "1429"]
[BlackElo "1647"]
[PlyCount "72"]
[EventDate "2011.07.05"]
[EventType "swiss"]
[EventRounds "9"]
[EventCountry "GER"]
[SourceTitle "EXT 2012"]
[Source "ChessBase"]
[SourceDate "2011.11.24"]
[SourceVersion "1"]
[SourceVersionDate "2011.11.24"]
[SourceQuality "1"]

1. e4 c5 2. d4 cxd4 3. Nf3 Nc6 4. c3 dxc3 5. Nxc3 e6 6. Bc4 a6 7. a3 Qc7 8. Bd3 Nf6 9. 0-0 Be7 10. Re1 d6 11. Qe2 0-0 12. Be3 Ng4 13. Bf4 Nge5 14. Nxe5 dxe5 15. Be3 Bd7 16. Rac1 Qa5 17. Qd1 Nd4 18. Bd2 Qb6 19. b4 Rac8 20. Be3 Rfd8 21. Bxd4 Qxd4 22. Qd2 Be8 23. Red1 h6 24. Ne2 Qd6 25. Kf1 Rxc1 26. Nxc1 Bg5 27. Qc2 Bxc1 28. Qxc1 Bb5 29. Ke2 Bxd3+ 30. Ke1 Qd4 31. Qe3 Qxe3+ 32. fxe3 Kf8 33. Kf2 Ke7 34. Rc1 Bxe4 35. Rc7+ Kf6 36. Rc1 Rd2+ 0-1

[Event "Niedersachsen-ch Seniors op 14th"]
[Site "Bad Bevensen"]
[Date "2011.07.10"]
[Round "6"]
[White "Voigt, Udo"]
[Black "Weiss, Hartwig"]
[Result "0-1"]
[WhiteElo "1647"]
[BlackElo "1854"]
[PlyCount "136"]
[EventDate "2011.07.05"]
[EventType "swiss"]
[EventRounds "9"]
[EventCountry "GER"]
[SourceTitle "EXT 2012"]
[Source "ChessBase"]
[SourceDate "2011.11.24"]
[SourceVersion "1"]
[SourceVersionDate "2011.11.24"]
[SourceQuality "1"]

1. d4 d5 2. c4 e6 3. Nf3 Nf6 4. Bg5 Be7 5. e3 c6 6. Nc3 Nbd7 7. Bd3 dxc4 8. Bxc4 Nd5 9. Bxe7 Qxe7 10. 0-0 0-0 11. Re1 Nxc3 12. bxc3 b5 13. Bb3 Bb7 14. Rb1 Rfd8 15. c4 Nb6 16. Qe2 b4 17. e4 c5 18. d5 e5 19. Rbd1 Qd6 20. Rd3 a5 21. Nd2 Ba6 22. Rg3 Ra7 23. f4 f6 24. f5 a4 25. Bd1 Qe7 26. h4 Bc8 27. h5 h6 28. Qe3 Kf8 29. Be2 Bd7 30. Nf3 Be8 31. Nh4 Rdd7 32. Rf1 Qd6 33. Ng6+ Bxg6 34. fxg6 Ke8 35. Rgf3 Qf8 36. Qf2 Rac7 37. Qg3 Qe7 38. Qf2 Rd6 39. Qe3 Nc8 40. Bd1 Ra6 41. Qd3 Qd7 42. Rg3 Na7 43. Bg4 Qd6 44. Be6 Kf8 45. Qe3 Qe7 46. Rgf3 Rxe6 47. dxe6 Qxe6 48. Rd1 Qxc4 49. Rd8+ Ke7 50. Qd2 Qe6 51. Rd5 Nb5 52. Re3 Nd4 53. Qd1 Qa6 54. Rd3 Qc6 55. Qd2 Rd7 56. Rxd7+ Kxd7 57. Qe1 Ke7 58. Qe3 Qb6 59. Kh2 b3 60. axb3 axb3 61. Qc1 b2 62. Qb1 c4 63. Ra3 Qb7 64. Kh1 Ne6 65. Rc3 Qb4 66. Rc2 c3 67. Rf2 Nd4 68. Kh2 Qb3 0-1

[Event "Niedersachsen-ch Seniors op 14th"]
[Site "Bad Bevensen"]
[Date "2011.07.09"]
[Round "5"]
[White "Diskin, Semen"]
[Black "Voigt, Udo"]
[Result "1/2-1/2"]
[WhiteElo "1768"]
[BlackElo "1647"]
[PlyCount "25"]
[EventDate "2011.07.05"]
[EventType "swiss"]
[EventRounds "9"]
[EventCountry "GER"]
[SourceTitle "EXT 2012"]
[Source "ChessBase"]
[SourceDate "2011.11.24"]
[SourceVersion "1"]
[SourceVersionDate "2011.11.24"]
[SourceQuality "1"]

1. e4 c5 2. c4 e6 3. Nc3 Nc6 4. Nf3 a6 5. d4 cxd4 6. Nxd4 Qc7 7. Be3 g6 8. Qd2 Bg7 9. Be2 d6 10. 0-0 Bd7 11. f3 0-0-0 12. Nc2 Be8 13. Na4 1/2-1/2

[Event "Niedersachsen-ch Seniors op 14th"]
[Site "Bad Bevensen"]
[Date "2011.07.05"]
[Round "1"]
[White "Haselhorst, Helmut"]
[Black "Voigt, Udo"]
[Result "1-0"]
[WhiteElo "2058"]
[BlackElo "1647"]
[PlyCount "51"]
[EventDate "2011.07.05"]
[EventType "swiss"]
[EventRounds "9"]
[EventCountry "GER"]
[SourceTitle "EXT 2012"]
[Source "ChessBase"]
[SourceDate "2011.11.24"]
[SourceVersion "1"]
[SourceVersionDate "2011.11.24"]
[SourceQuality "1"]

1. d4 d5 2. Nf3 Nf6 3. c4 c6 4. Nc3 e6 5. e3 Nbd7 6. Bd3 Bb4 7. 0-0 dxc4 8. Bxc4 Bxc3 9. bxc3 0-0 10. Qe2 Qa5 11. Bb2 Ne4 12. Bd3 Ndf6 13. Ne5 Qc7 14. c4 b6 15. Rfc1 Ba6 16. Qf3 Ng5 17. Qxc6 Qxc6 18. Nxc6 Rfe8 19. f3 Bb7 20. Ne5 h5 21. e4 Rad8 22. c5 bxc5 23. Rxc5 Nd7 24. Nxd7 Rxd7 25. Rxg5 e5 26. Bb5 1-0

[Event "GER-ch Seniors 22nd"]
[Site "Berlin"]
[Date "2010.08.24"]
[Round "9"]
[White "Kaufmann, Helmut"]
[Black "Voigt, Udo"]
[Result "1-0"]
[WhiteElo "1889"]
[BlackElo "1700"]
[PlyCount "80"]
[EventDate "2010.08.16"]
[EventType "swiss"]
[EventRounds "9"]
[EventCountry "GER"]
[SourceTitle "CBM 138 Extra"]
[Source "ChessBase"]
[SourceDate "2010.10.29"]
[SourceVersion "1"]
[SourceVersionDate "2010.10.29"]
[SourceQuality "1"]

1. d4 d5 2. Nf3 Nf6 3. e3 c6 4. Bd3 Bg4 5. Nbd2 Nbd7 6. c4 e5 7. cxd5 e4 8. Nxe4 cxd5 9. Nc3 Bb4 10. Bd2 0-0 11. 0-0 Bxc3 12. Bxc3 Ne4 13. Bb4 Re8 14. h3 Bh5 15. Be2 Rc8 16. Ne1 Bg6 17. Nd3 Nb6 18. Rc1 Rxc1 19. Qxc1 Qg5 20. Qc7 h6 21. Qf4 Rc8 22. Qxg5 hxg5 23. Rc1 Rxc1+ 24. Nxc1 Nd7 25. Bb5 Nef6 26. Kf1 a6 27. Bd3 Be4 28. f3 Bxd3+ 29. Nxd3 b6 30. Be7 a5 31. Ke2 Nh7 32. Kd2 f6 33. b4 Kf7 34. Bd8 Ke8 35. Bc7 a4 36. b5 Nhf8 37. Nb4 Ne6 38. Nxd5 Nxc7 39. Nxc7+ Ke7 40. Nd5+ Kd6 1-0

[Event "GER-ch Seniors 22nd"]
[Site "Berlin"]
[Date "2010.08.20"]
[Round "5"]
[White "Garms, Ilse"]
[Black "Voigt, Udo"]
[Result "1-0"]
[WhiteElo "1516"]
[BlackElo "1700"]
[PlyCount "99"]
[EventDate "2010.08.16"]
[EventType "swiss"]
[EventRounds "9"]
[EventCountry "GER"]
[SourceTitle "CBM 138 Extra"]
[Source "ChessBase"]
[SourceDate "2010.10.29"]
[SourceVersion "1"]
[SourceVersionDate "2010.10.29"]
[SourceQuality "1"]

1. d4 d5 2. c4 Nf6 3. cxd5 Qxd5 4. Nc3 Qd8 5. e3 e6 6. Nf3 b6 7. Ne5 Bb7 8. Qc2 Bd6 9. Nb5 0-0 10. Bd2 Nbd7 11. Nc6 Bxc6 12. Qxc6 a5 13. Nxd6 cxd6 14. Qxd6 Ne4 15. Qa3 Nxd2 16. Kxd2 Qf6 17. f3 e5 18. d5 Nc5 19. e4 Rac8 20. Bb5 Qg5+ 21. Qe3 Qxg2+ 22. Be2 Qg6 23. Rhg1 Qd6 24. Rg2 Ne6 25. Qa3 Nc5 26. Rag1 g6 27. h4 Qf6 28. h5 Nxe4+ 29. fxe4 Qf4+ 30. Qe3 Rc2+ 31. Kd3 Qxe3+ 32. Kxe3 Rxb2 33. hxg6 fxg6 34. Rg5 Rxa2 35. Rxe5 Ra3+ 36. Bd3 Rd8 37. Re6 b5 38. d6 Rd7 39. Rf1 Rc3 40. Kd4 Rc8 41. Bxb5 Rdd8 42. Bc4 Kg7 43. Re7+ Kh6 44. Rh1+ Kg5 45. Rhxh7 a4 46. Ra7 Ra8 47. Kd5 Rf8 48. Rxa8 Rxa8 49. Ba2 Kf4 50. d7 1-0

[Event "Niedersachsen-ch Seniors op 13th"]
[Site "Bad Bevensen"]
[Date "2010.07.12"]
[Round "7"]
[White "Voigt, Udo"]
[Black "Preiss, Lore"]
[Result "1-0"]
[WhiteElo "1699"]
[BlackElo "1487"]
[PlyCount "87"]
[EventDate "2010.07.06"]
[EventType "swiss"]
[EventRounds "9"]
[EventCountry "GER"]
[SourceTitle "EXT 2012"]
[Source "ChessBase"]
[SourceDate "2011.11.24"]
[SourceVersion "1"]
[SourceVersionDate "2011.11.24"]
[SourceQuality "1"]

1. d4 d5 2. c4 Nf6 3. Nf3 dxc4 4. Nc3 c6 5. a4 e6 6. e3 Be7 7. Bxc4 0-0 8. Qc2 b6 9. 0-0 Ba6 10. Bxa6 Nxa6 11. e4 Rc8 12. Qe2 Nb8 13. h3 Qc7 14. Be3 Qb7 15. Rab1 c5 16. dxc5 Bxc5 17. Bf4 Nc6 18. Rfd1 Rfd8 19. Bg5 Be7 20. Rxd8+ Rxd8 21. Rd1 Rxd1+ 22. Qxd1 h6 23. Bf4 Qd7 24. Qe2 Nd4 25. Nxd4 Qxd4 26. Be3 Qd7 27. Qc4 Ne8 28. e5 Qc7 29. Qb5 Kf8 30. Qd3 Kg8 31. Qe4 Qd7 32. Qa8 Kh7 33. Kh2 Bc5 34. Bxc5 bxc5 35. Nb5 c4 36. Qe4+ g6 37. Qxc4 a5 38. Qc3 Qd5 39. g3 Ng7 40. Nc7 Qe4 41. Qxa5 Nf5 42. Ne8 g5 43. Nf6+ Kg6 44. Nxe4 1-0

[Event "Niedersachsen-ch Seniors op 13th"]
[Site "Bad Bevensen"]
[Date "2010.07.11"]
[Round "6"]
[White "Thielemann, Joachim"]
[Black "Voigt, Udo"]
[Result "1-0"]
[WhiteElo "1746"]
[BlackElo "1699"]
[PlyCount "91"]
[EventDate "2010.07.06"]
[EventType "swiss"]
[EventRounds "9"]
[EventCountry "GER"]
[SourceTitle "EXT 2012"]
[Source "ChessBase"]
[SourceDate "2011.11.24"]
[SourceVersion "1"]
[SourceVersionDate "2011.11.24"]
[SourceQuality "1"]

1. e4 c5 2. Nc3 e6 3. g3 Nc6 4. Bg2 a6 5. Nge2 Nf6 6. d3 b5 7. e5 Ng4 8. f4 Qc7 9. h3 Nh6 10. d4 cxd4 11. Nxd4 Bb7 12. Bxc6 dxc6 13. Qe2 Rd8 14. Be3 c5 15. Nf3 b4 16. Nd1 Nf5 17. Qf2 Qc6 18. 0-0 Be7 19. b3 0-0 20. Kh2 Rd7 21. Nb2 Rfd8 22. Nc4 Ba8 23. Qe2 h6 24. Rf2 Qb5 25. a4 Qc6 26. Rg1 Qe4 27. Re1 Nxe3 28. Qxe3 Qxe3 29. Rxe3 Bxf3 30. Rexf3 g6 31. Re2 Kg7 32. g4 Rd1 33. f5 gxf5 34. gxf5 exf5 35. Rg2+ Kf8 36. Rxf5 R1d4 37. Rgf2 f6 38. exf6 Bd6+ 39. Nxd6 R8xd6 40. Rxc5 Kf7 41. Kg3 R4d5 42. Rc7+ Rd7 43. Rc4 Rd4 44. Rf4 Rxf4 45. Rxf4 Rd2 46. Rc4 1-0

[Event "Berlin-ch Seniors op 26th"]
[Site "Berlin"]
[Date "2010.02.13"]
[Round "5"]
[White "Voigt, Udo"]
[Black "Koeckeritz, Dieter"]
[Result "1/2-1/2"]
[WhiteElo "1650"]
[BlackElo "1531"]
[PlyCount "87"]
[EventDate "2010.02.09"]
[EventType "swiss"]
[EventRounds "9"]
[EventCountry "GER"]
[SourceTitle "EXT 2012"]
[Source "ChessBase"]
[SourceDate "2011.11.24"]
[SourceVersion "1"]
[SourceVersionDate "2011.11.24"]
[SourceQuality "1"]

1. d4 d5 2. c4 e6 3. Nc3 Nf6 4. Nf3 c6 5. Bg5 Nbd7 6. e3 Qa5 7. Bxf6 Nxf6 8. Nd2 Bb4 9. Qc2 Bxc3 10. bxc3 0-0 11. Be2 Qc7 12. 0-0 e5 13. dxe5 Qxe5 14. Nf3 Qc7 15. Rab1 dxc4 16. Bxc4 Bg4 17. Be2 Rab8 18. h3 Bh5 19. Rb4 Qe7 20. Rfb1 Rfe8 21. Qb2 Bg6 22. Rd1 c5 23. Rf4 Ne4 24. Bd3 Nxf2 25. Qxf2 Rbd8 26. Be2 Rxd1+ 27. Bxd1 Qxe3 28. Qxe3 Rxe3 29. c4 h6 30. Kf2 Ra3 31. Bb3 Bb1 32. Ne5 Bxa2 33. Bxa2 Rxa2+ 34. Kf3 f6 35. Nd3 b6 36. Re4 Kf7 37. g3 g6 38. Re3 Ra4 39. Nb2 Rb4 40. Re2 a5 41. Ke4 a4 42. Kd5 a3 43. Nd3 Rb3 44. Rd2 1/2-1/2

[Event "Bad Bevensen Seniors op 12th"]
[Site "Bad Bevensen"]
[Date "2009.07.14"]
[Round "8"]
[White "Hilburt, Leonid"]
[Black "Voigt, Udo"]
[Result "1-0"]
[WhiteElo "1937"]
[BlackElo "1650"]
[PlyCount "71"]
[EventDate "2009.07.07"]
[EventType "swiss"]
[EventRounds "9"]
[EventCountry "GER"]
[SourceTitle "EXT 2022"]
[Source "ChessBase"]
[SourceDate "2021.10.06"]
[SourceVersion "1"]
[SourceVersionDate "2021.10.06"]
[SourceQuality "1"]

1. e4 c5 2. Nc3 Nc6 3. g3 e6 4. Bg2 g6 5. f4 d6 6. d3 Bg7 7. Nge2 a6 8. 0-0 Nf6 9. h3 Bd7 10. g4 h6 11. Ng3 Qc7 12. Be3 0-0-0 13. Nce2 Nh7 14. c3 f5 15. d4 fxg4 16. dxc5 gxh3 17. cxd6 Qb8 18. Bxh3 e5 19. f5 Nf6 20. Bb6 Rdg8 21. c4 Ne8 22. c5 Bf6 23. Kh1 h5 24. Nc3 g5 25. Nxh5 Bd8 26. Nd5 Rh7 27. Kg2 g4 28. f6 gxh3+ 29. Kh1 Rf7 30. Rg1 Rxg1+ 31. Qxg1 Rf8 32. Ne7+ Bxe7 33. dxe7 Nxe7 34. fxe7 Rf7 35. Rd1 Rxe7 36. Qg5 1-0

[Event "Bad Bevensen Seniors op 12th"]
[Site "Bad Bevensen"]
[Date "2009.07.08"]
[Round "2"]
[White "Zoeller, Henning"]
[Black "Voigt, Udo"]
[Result "1-0"]
[WhiteElo "1426"]
[BlackElo "1650"]
[PlyCount "41"]
[EventDate "2009.07.07"]
[EventType "swiss"]
[EventRounds "9"]
[EventCountry "GER"]
[SourceTitle "EXT 2022"]
[Source "ChessBase"]
[SourceDate "2021.10.06"]
[SourceVersion "1"]
[SourceVersionDate "2021.10.06"]
[SourceQuality "1"]

1. e4 c5 2. d4 e6 3. Nf3 Qc7 4. Be3 Nf6 5. Nc3 a6 6. h3 d6 7. dxc5 dxc5 8. e5 Nfd7 9. Bf4 Nc6 10. Qe2 Be7 11. 0-0-0 b5 12. Ne4 0-0 13. Nd6 Nb4 14. Kb1 Nd5 15. Bg3 h6 16. Qe4 c4 17. Nd4 Bb7 18. Nxb7 Qxb7 19. Qf3 Rac8 20. Bf4 Nxf4 21. Qxb7 1-0

[Event "Bad Bevensen Seniors op 12th"]
[Site "Bad Bevensen"]
[Date "2009.07.07"]
[Round "1"]
[White "Voigt, Udo"]
[Black "Geisensetter, Franz"]
[Result "0-1"]
[WhiteElo "1650"]
[BlackElo "1956"]
[PlyCount "108"]
[EventDate "2009.07.07"]
[EventType "swiss"]
[EventRounds "9"]
[EventCountry "GER"]
[SourceTitle "EXT 2022"]
[Source "ChessBase"]
[SourceDate "2021.10.06"]
[SourceVersion "1"]
[SourceVersionDate "2021.10.06"]
[SourceQuality "1"]

1. d4 Nf6 2. c4 e5 3. dxe5 Ng4 4. Nf3 Nc6 5. e6 dxe6 6. Qxd8+ Nxd8 7. Nc3 Bc5 8. e3 0-0 9. Be2 Nc6 10. 0-0 a6 11. h3 Nge5 12. Ne4 Be7 13. Bd2 f5 14. Nxe5 Nxe5 15. Ng3 Ng6 16. Nh5 e5 17. Bc3 Re8 18. Rad1 Be6 19. b4 Rad8 20. f4 Bf6 21. Nxf6+ gxf6 22. a4 Kf7 23. g3 Bd7 24. Kf2 Bxa4 25. Rxd8 Rxd8 26. Ra1 b5 27. cxb5 Bxb5 28. Bxb5 axb5 29. Ra7 Rd7 30. Rb7 Ne7 31. Rxb5 Rd3 32. Be1 e4 33. Rc5 Nd5 34. b5 Ke6 35. Rc6+ Kd7 36. Rc5 Nxe3 37. Ke2 Nd5 38. Bd2 h5 39. h4 Kc8 40. b6 Nxb6 41. Rxf5 Rxg3 42. Rxh5 Rg2+ 43. Kd1 Nc4 44. Bc3 f5 45. Ke1 Ne3 46. Bd2 Nc2+ 47. Kd1 Nd4 48. Be3 Nc2 49. Bd2 e3 50. Kxc2 Rxd2+ 51. Kc1 Rd5 52. Rg5 e2 53. Rg1 Rd4 54. Re1 Rxf4 0-1

[Event "Niedersachsen-ch Seniors op 11th"]
[Site "Bad Bevensen"]
[Date "2008.07.09"]
[Round "2"]
[White "Voigt, Udo"]
[Black "Hoellger, Herbert"]
[Result "0-1"]
[WhiteElo "1761"]
[BlackElo "1896"]
[PlyCount "64"]
[EventDate "2008.07.08"]
[EventType "swiss"]
[EventRounds "9"]
[EventCountry "GER"]
[SourceTitle "EXT 2022"]
[Source "ChessBase"]
[SourceDate "2021.10.06"]
[SourceVersion "1"]
[SourceVersionDate "2021.10.06"]
[SourceQuality "1"]

1. d4 Nf6 2. c4 g6 3. Nf3 Bg7 4. Nc3 0-0 5. e4 d6 6. Be2 e5 7. d5 a5 8. h3 Na6 9. Be3 Nc5 10. Qc2 Nh5 11. g4 Nf4 12. Bxf4 exf4 13. 0-0-0 a4 14. Ne1 a3 15. Nd3 axb2+ 16. Kb1 f3 17. Bf1 Na6 18. Qxb2 Qf6 19. Kc2 Qd4 20. Qb3 Nc5 21. Nxc5 Qxc5 22. Nb5 f5 23. gxf5 gxf5 24. Rh2 fxe4 25. Re1 Bf5 26. Re3 Ra5 27. Nc3 Rfa8 28. Rh1 Ra3 29. Qxb7 Rxc3+ 30. Kb1 Qa5 31. Rxc3 Qxa2+ 32. Kc1 Bxc3 0-1

[Event "Niedersachsen-ch Seniors op 10th"]
[Site "Bad Bevensen"]
[Date "2007.07.08"]
[Round "6"]
[White "Segelken, Peter"]
[Black "Voigt, Udo"]
[Result "1-0"]
[WhiteElo "1687"]
[BlackElo "1722"]
[PlyCount "92"]
[EventDate "2007.07.03"]
[EventType "swiss"]
[EventRounds "9"]
[EventCountry "GER"]
[SourceTitle "EXT 2022"]
[Source "ChessBase"]
[SourceDate "2021.10.06"]
[SourceVersion "1"]
[SourceVersionDate "2021.10.06"]
[SourceQuality "1"]

1. e4 c5 2. Nf3 Nc6 3. c3 e6 4. Be2 Nf6 5. d3 Be7 6. 0-0 Qc7 7. Bg5 h6 8. Bh4 0-0 9. Nbd2 b6 10. Rc1 Bb7 11. a3 d5 12. exd5 Nxd5 13. Bg3 Qd7 14. Nc4 Nf6 15. Qc2 Ne8 16. Rcd1 Bf6 17. Rfe1 b5 18. Ncd2 Nd6 19. Ne4 Nxe4 20. dxe4 Qc8 21. Bxb5 a6 22. Bxc6 Bxc6 23. Bd6 Re8 24. Nd2 Be7 25. Bxe7 Rxe7 26. Nc4 Qc7 27. e5 Rd8 28. Rxd8+ Qxd8 29. Rd1 Bd5 30. Nd6 Rd7 31. Qd2 f6 32. f4 f5 33. Qf2 c4 34. h3 Kh7 35. Kh2 g6 36. Qe2 g5 37. g3 gxf4 38. gxf4 Qh4 39. Qe3 Rg7 40. Rg1 Rxg1 41. Kxg1 Qh5 42. Qa7+ Kg8 43. Qb8+ Kh7 44. Qc7+ Kg8 45. Qd8+ Kh7 46. Qe7+ Kg8 1-0

[Event "Niedersachsen-ch Seniors op 10th"]
[Site "Bad Bevensen"]
[Date "2007.07.05"]
[Round "3"]
[White "Voigt, Udo"]
[Black "Traut, Alexander"]
[Result "1-0"]
[WhiteElo "1722"]
[BlackElo "1386"]
[PlyCount "113"]
[EventDate "2007.07.03"]
[EventType "swiss"]
[EventRounds "9"]
[EventCountry "GER"]
[SourceTitle "EXT 2022"]
[Source "ChessBase"]
[SourceDate "2021.10.06"]
[SourceVersion "1"]
[SourceVersionDate "2021.10.06"]
[SourceQuality "1"]

1. d4 d5 2. c4 c6 3. Nc3 Nf6 4. Nf3 e6 5. Bf4 Bd6 6. Bg3 Bxg3 7. hxg3 h6 8. e3 b6 9. Bd3 Nbd7 10. Qc2 Ba6 11. b3 Qe7 12. Ne5 Nxe5 13. dxe5 Ng4 14. Rh5 Qc7 15. cxd5 Bxd3 16. Qxd3 Nxe5 17. Qd4 f6 18. d6 Qd7 19. Ne4 Nf7 20. Rd1 Rd8 21. Rh4 e5 22. Qd3 f5 23. Nc3 0-0 24. Qc4 b5 25. Qc5 Qb7 26. a4 a6 27. g4 g6 28. gxf5 gxf5 29. Rh5 Qd7 30. Qb4 Qe6 31. axb5 cxb5 32. Qh4 Rxd6 33. Rxd6 Qxd6 34. Rxf5 Qd3 35. Qg3+ Kh7 36. e4 Qxg3 37. fxg3 Kg6 38. Nd5 Rb8 39. Rf6+ Kg7 40. Rxa6 Ng5 41. Ra7+ Kg6 42. Ne7+ Kh5 43. Nc6 Re8 44. Rb7 Nxe4 45. Rxb5 Nxg3 46. Rxe5+ Rxe5+ 47. Nxe5 Nf5 48. b4 Nd4 49. Kf2 Kg5 50. Nf3+ Nxf3 51. Kxf3 Kf6 52. Kf4 Ke6 53. g4 Kd6 54. Kf5 Kc6 55. Kg6 Kb5 56. Kxh6 Kxb4 57. g5 1-0

[Event "Niedersachsen-ch Seniors op 10th"]
[Site "Bad Bevensen"]
[Date "2007.07.04"]
[Round "2"]
[White "Rieck, Helmut"]
[Black "Voigt, Udo"]
[Result "1-0"]
[WhiteElo "1695"]
[BlackElo "1722"]
[PlyCount "69"]
[EventDate "2007.07.03"]
[EventType "swiss"]
[EventRounds "9"]
[EventCountry "GER"]
[SourceTitle "EXT 2022"]
[Source "ChessBase"]
[SourceDate "2021.10.06"]
[SourceVersion "1"]
[SourceVersionDate "2021.10.06"]
[SourceQuality "1"]

1. e4 c5 2. c3 g6 3. d4 cxd4 4. Bc4 Bg7 5. cxd4 e6 6. Nf3 Ne7 7. Nc3 a6 8. Bb3 0-0 9. 0-0 b5 10. Bg5 Bb7 11. a3 d6 12. Qe2 Qd7 13. Rfd1 Nbc6 14. Ba2 Rac8 15. d5 Nd8 16. Nd4 e5 17. Nf3 f5 18. Bxe7 Qxe7 19. exf5 Rxf5 20. Bb1 Rf8 21. Qe3 Nf7 22. Be4 Bh6 23. Qd3 Ng5 24. Nxg5 Bxg5 25. g3 Qf7 26. Rf1 Rc4 27. Rad1 Bc8 28. b3 Rc5 29. Bg2 Bf5 30. Ne4 Qc7 31. f4 Rc3 32. Qxc3 Qb6+ 33. Kh1 Rc8 34. Qb2 Be7 35. fxe5 1-0

[Event "Niedersachsen-ch Seniors op 09th"]
[Site "Bad Bevensen"]
[Date "2006.07.02"]
[Round "9"]
[White "Wittkugel, Friedhelm"]
[Black "Voigt, Udo"]
[Result "1-0"]
[WhiteElo "1802"]
[BlackElo "1756"]
[PlyCount "39"]
[EventDate "2006.06.24"]
[EventType "swiss"]
[EventRounds "9"]
[EventCountry "GER"]
[SourceTitle "EXT 2022"]
[Source "ChessBase"]
[SourceDate "2021.10.06"]
[SourceVersion "1"]
[SourceVersionDate "2021.10.06"]
[SourceQuality "1"]

1. e4 c5 2. Nc3 e6 3. f4 Nc6 4. Nf3 a6 5. a4 Be7 6. d3 Nd4 7. Nxd4 cxd4 8. Ne2 Bc5 9. Bd2 d6 10. b4 Ba7 11. c3 e5 12. cxd4 exd4 13. Ng3 Qh4 14. Be2 Ne7 15. 0-0 h5 16. Be1 Bg4 17. Nf5 Bxe2 18. Qxe2 Qf6 19. Bh4 Qg6 20. Nxe7 1-0

[Event "Niedersachsen-ch Seniors op 09th"]
[Site "Bad Bevensen"]
[Date "2006.06.27"]
[Round "4"]
[White "Voigt, Udo"]
[Black "Fritsch, Juergen"]
[Result "0-1"]
[WhiteElo "1756"]
[BlackElo "1802"]
[PlyCount "38"]
[EventDate "2006.06.24"]
[EventType "swiss"]
[EventRounds "9"]
[EventCountry "GER"]
[SourceTitle "EXT 2022"]
[Source "ChessBase"]
[SourceDate "2021.10.06"]
[SourceVersion "1"]
[SourceVersionDate "2021.10.06"]
[SourceQuality "1"]

1. d4 d5 2. c4 c6 3. Nc3 Nf6 4. Nf3 dxc4 5. e4 b5 6. e5 Nd5 7. Bd2 Be6 8. Ng5 Qd7 9. Nge4 Na6 10. Be2 Nxc3 11. bxc3 Bd5 12. f3 e6 13. a4 Nc7 14. 0-0 Be7 15. Qc2 0-0 16. Bg5 Bxe4 17. Qxe4 Bxg5 18. f4 f5 19. Qf3 Be7 0-1

[Event "Bad Bevensen op"]
[Site "Bad Bevensen"]
[Date "2005.06.30"]
[Round "6"]
[White "Duemmke, Juergen"]
[Black "Voigt, Udo"]
[Result "1-0"]
[WhiteElo "2098"]
[BlackElo "1846"]
[PlyCount "73"]
[EventDate "2005.06.25"]
[EventType "swiss"]
[EventRounds "9"]
[EventCountry "GER"]
[SourceTitle "EXT 2007"]
[Source "ChessBase"]
[SourceDate "2006.11.23"]
[SourceVersion "1"]
[SourceVersionDate "2006.11.23"]
[SourceQuality "1"]

1. e4 c5 2. Nf3 Nc6 3. Bb5 d6 4. 0-0 Bg4 5. h3 Bxf3 6. Qxf3 Qc7 7. c3 a6 8. Bxc6+ Qxc6 9. d4 e5 10. Be3 Nf6 11. Nd2 b5 12. a4 Be7 13. axb5 Qxb5 14. dxe5 dxe5 15. Qg3 Qc6 16. Qxe5 Kf8 17. Ra5 Nd7 18. Qf5 h6 19. Rfa1 g6 20. Qd5 Qc8 21. Nc4 Kg7 22. Ne5 Nxe5 23. Qxe5+ Bf6 24. Qxc5 Qb7 25. Bd4 Bxd4 26. Qxd4+ Kh7 27. b4 Rhe8 28. f3 Rad8 29. Rd5 Qc8 30. Qf6 Kg8 31. Rad1 Rxd5 32. Rxd5 Qc7 33. Qd4 Qg3 34. Qd2 Kg7 35. c4 Re6 36. c5 Rf6 37. Qc3 1-0

[Event "Berlin-ch Seniors op 21st"]
[Site "Berlin"]
[Date "2005.02.04"]
[Round "8"]
[White "Grunow, Werner"]
[Black "Voigt, Udo"]
[Result "0-1"]
[WhiteElo "1659"]
[BlackElo "1720"]
[PlyCount "48"]
[EventDate "2005.01.28"]
[EventType "swiss"]
[EventRounds "9"]
[EventCountry "GER"]
[SourceTitle "EXT 2007"]
[Source "ChessBase"]
[SourceDate "2006.11.23"]
[SourceVersion "1"]
[SourceVersionDate "2006.11.23"]
[SourceQuality "1"]

1. d4 d5 2. c4 e6 3. Nf3 Nf6 4. Bg5 h6 5. Bh4 Be7 6. Nc3 0-0 7. e3 b6 8. Qc2 Bb7 9. Bd3 Nbd7 10. 0-0 dxc4 11. Bxc4 Bxf3 12. gxf3 Nh5 13. Bg3 Nxg3 14. fxg3 c5 15. f4 cxd4 16. exd4 Nf6 17. Rfe1 Qxd4+ 18. Kg2 Qxc4 19. f5 Qc6+ 20. Kh3 Bc5 21. fxe6 fxe6 22. Re2 Bd4 23. Qb3 Nd5 24. Rae1 Nf4+ 0-1

[Event "Berlin-ch Seniors op 21st"]
[Site "Berlin"]
[Date "2005.01.31"]
[Round "4"]
[White "Rollwitz, Juergen"]
[Black "Voigt, Udo"]
[Result "1-0"]
[WhiteElo "1799"]
[BlackElo "1720"]
[PlyCount "73"]
[EventDate "2005.01.28"]
[EventType "swiss"]
[EventRounds "9"]
[EventCountry "GER"]
[SourceTitle "EXT 2007"]
[Source "ChessBase"]
[SourceDate "2006.11.23"]
[SourceVersion "1"]
[SourceVersionDate "2006.11.23"]
[SourceQuality "1"]

1. d4 d5 2. c4 e6 3. Nf3 Nf6 4. Bg5 Be7 5. e3 0-0 6. Nc3 a6 7. Bd3 h6 8. Bh4 Nbd7 9. 0-0 dxc4 10. Bxc4 b5 11. Be2 Bb7 12. Rc1 Rc8 13. a3 c5 14. dxc5 Nxc5 15. Nd4 Nd5 16. Bxe7 Qxe7 17. Nxd5 Bxd5 18. Bf3 Qb7 19. Bxd5 Qxd5 20. b4 Na4 21. Qb3 Rc4 22. Rxc4 Qxc4 23. Qxc4 bxc4 24. Rc1 Rc8 25. Kf1 Kf8 26. Rc2 Ke7 27. Ne2 Nb6 28. Nc3 Rd8 29. a4 Rd3 30. Ke2 Nd5 31. Ne4 Ra3 32. b5 axb5 33. axb5 c3 34. b6 Rb3 35. b7 Rxb7 36. Nxc3 Rc7 37. Nxd5+ 1-0